000 00517nam a2200193Ia 4500
008 131103s9999 xx 000 0 und d
020 _cRs.12.50
040 _aLoreto College
041 _aEnglish
082 _a954.01/PAN
_bLCLIB/17272
100 _aPandey,V.C.
245 _aAncient India
_cV.C.Pandey and U.S.Khattri
260 _aLucknow
_bPrakashan Kendra
_c[19 - ?]
300 _axv,112 p.
_c 21 cm.
650 _aHistory - Ancient India
700 _aKhattri,U.S.,auth.
850 _aLCLIB
942 _cBK
999 _c9304
_d59783